00479nam a2200193 a 4500001001300000003000900013005001700022008004100039020001000080082001500090100001800105245003200123260003700155300000900192500003500201505000900236650002200245700001800267nice12345678IN_TiNIC20260116011806.0050524s0000 beia grp 000 0 ara  ac10000a269.2bYAQ aYaqub, Saleem aAl Farah Fi Khidmat-Il-Rabb aBeirutbMarkaz Ilshabiyatac0000 a112p aincludes index and biblioraphy2 aMaps aEvangelistic Work1 aYaqub, Saleem